|
|
|
|
| LEADER |
00000nab a2200000 4500 |
| 001 |
vtls011931102 |
| 003 |
SK-MaSNL |
| 005 |
20260318114506.0 |
| 008 |
200507c2018 xo er|n || ||00 c0ukr |
| 015 |
|
|
|a SNBRB2020/05
|
| 038 |
|
|
|a SVKPOCL
|
| 040 |
|
|
|a SVKPOCL
|b slo
|c SVKPOCL
|e rda
|
| 041 |
0 |
|
|a ukr
|
| 043 |
|
|
|a e-xo---
|a e-un---
|a e-au---
|a e-hu---
|a e-rm--- e-cs---
|a n-us-ny
|
| 044 |
|
|
|a xo
|c SK
|
| 072 |
|
7 |
|a 930.85
|x Dejiny civilizácie. Kultúrne dejiny
|2 konspekt
|
| 072 |
|
7 |
|a 323
|x Vnútropolitický vývoj, politický život
|2 konspekt
|
| 072 |
|
7 |
|a 316.4/.7
|x Sociálne interakcie
|2 konspekt
|
| 080 |
|
|
|a 070.42-051
|2 2011
|
| 080 |
|
|
|a 327
|2 2011
|
| 080 |
|
|
|a 94(477)
|2 2011
|
| 080 |
|
|
|a 94(437.7)
|2 2011
|
| 080 |
|
|
|a 34-051
|2 2011
|
| 080 |
|
|
|a 821.161.2-051
|2 2011
|
| 080 |
|
|
|a 32-051
|2 2011
|
| 080 |
|
|
|a 323.22-051
|2 2011
|
| 080 |
|
|
|a 342.3:(=161.25)(091)
|2 2011
|
| 080 |
|
|
|a 323.1(=161.25)(091)
|2 2011
|
| 080 |
|
|
|a (436)
|2 2011
|
| 080 |
|
|
|a (477.87)
|2 2011
|
| 080 |
|
|
|a 929 Herovs'kyj, Oleksij Julijanovyč
|2 2011
|
| 080 |
|
|
|a (477)
|2 2011
|
| 080 |
|
|
|a (439)
|2 2011
|
| 100 |
1 |
|
|a Kuzmiaková, Anna,
|d 1949-
|4 aut
|9 210981
|
| 245 |
1 |
0 |
|a Aleksej Gerovskўj - vnuk Adolfa Dobr'aňskoho
|c A. Kuzmjakova
|
| 246 |
1 |
|
|i Iný názov:
|a Jubileji v 2018-im roci - 6
|
| 336 |
|
|
|a text
|b txt
|2 rdacontent
|
| 337 |
|
|
|a bez média
|b n
|2 rdamedia
|
| 338 |
|
|
|a zväzok
|b nc
|2 rdacarrier
|
| 500 |
|
|
|a V rubrike Našў osobnosty
|
| 500 |
|
|
|a Doplňujúce údaje sú prevzaté z Wikipediji
|
| 500 |
|
|
|a Herovs'kyj, Oleksij pozri Herovs'kyj, Oleksij Julijanovyč
|
| 500 |
|
|
|a Gerovskij, Aleksej Julianovič pozri Herovs'kyj, Oleksij Julijanovyč
|
| 600 |
1 |
7 |
|a Herovs'kyj, Oleksij Julijanovyč,
|d 1883-1972
|2 svkpocl
|9 1631351
|
| 600 |
1 |
7 |
|a Dobriansky, Adolf I.,
|d 1817-1901
|2 SNKMA
|9 142221
|
| 610 |
2 |
7 |
|a «Karpato-russkij sojuz» (rusínska organizácia : New York, N.Y)
|2 svkpocl
|9 1631352
|
| 630 |
0 |
7 |
|a «Russkaja pravda»
|f (1910-1913)
|g (noviny)
|2 svkpocl
|9 1631353
|
| 630 |
0 |
7 |
|a «Svobodnoje slovo Karpatskoj Rusi»
|g (rusínske noviny)
|2 svkpocl
|9 1631354
|
| 648 |
|
7 |
|a 6.10.1883-17.4.1972
|2 svkpocl
|9 1631355
|
| 648 |
|
7 |
|a 1930
|2 svkpocl
|9 288294
|
| 648 |
|
7 |
|a 1938
|2 svkpocl
|9 310540
|
| 650 |
0 |
7 |
|a publicisti
|2 SNKPH
|9 63929
|
| 650 |
0 |
7 |
|a Rusíni
|2 SNKPH
|9 4087
|
| 650 |
0 |
7 |
|a autonómia
|2 SNKPH
|9 28289
|
| 650 |
0 |
7 |
|a politickí aktivisti
|2 svkpocl
|9 4746
|
| 650 |
0 |
7 |
|a spoločnosť a politika
|2 SNKPH
|9 1526
|
| 650 |
0 |
7 |
|a politici
|2 SNKPH
|9 2679
|
| 650 |
0 |
7 |
|a práva menšín
|2 SNKPH
|9 2259
|
| 650 |
0 |
7 |
|a národné obrodenie
|2 SNKPH
|9 3795
|
| 650 |
0 |
7 |
|a karpatorusinistika
|2 SNKPH
|9 490626
|
| 650 |
0 |
7 |
|a vnútropolitický vývoj
|2 SNKPH
|9 88635
|
| 650 |
0 |
7 |
|a Podkarpatskí Rusíni
|2 SNKPH
|9 55421
|
| 650 |
0 |
7 |
|a osobnosti
|2 SNKPH
|9 29820
|
| 650 |
0 |
7 |
|a biografia
|2 SNKPH
|9 71085
|
| 650 |
0 |
7 |
|a právnici
|2 SNKPH
|9 2687
|
| 651 |
|
7 |
|a Podkarpatská Rus
|2 SNKPH
|9 56369
|
| 651 |
|
7 |
|a Maďarsko
|2 SNKPH
|9 16754
|
| 651 |
|
7 |
|a Ukrajina
|2 SNKPHgeo
|9 168045
|
| 651 |
|
7 |
|a Československo
|2 SNKPH
|9 21376
|
| 651 |
|
7 |
|a Ľvov (Ukrajina)
|2 SNKPH
|9 29383
|
| 651 |
|
7 |
|a Budapešť (Maďarsko)
|2 SNKPH
|9 17734
|
| 651 |
|
7 |
|a Uhorsko
|x dejiny
|2 SNKPH
|9 56334
|
| 651 |
|
7 |
|a Rumunsko
|2 SNKPHgeo
|9 17409
|
| 651 |
|
7 |
|a Innsbruck (Rakúsko)
|2 SNKPH
|9 60323
|
| 651 |
|
7 |
|a Sighetu Marmației (Rumunsko)
|2 svkpocl
|9 1090226
|
| 651 |
|
7 |
|a Černivci (Ukrajina)
|2 SNKPH
|9 99772
|
| 651 |
|
7 |
|a New York (N.Y.)
|2 SNKPHgeo
|9 19319
|
| 651 |
|
7 |
|a New York (štát)
|2 SNKPHgeo
|9 49324
|
| 773 |
0 |
|
|t NN info Rusyn
|g Roč. XV (27), č. 18 (2018), s. 11
|x 2454-0013
|
| 852 |
|
|
|a SVKPO
|b KIS3GCP
|
| 856 |
4 |
2 |
|y Elektronický archív Info Rusyna je dostupný na: http://www.rusyn.sk
|
| 856 |
4 |
2 |
|a xuhttps://ru.wikipedia.org/wiki/%D0%93%D0%B5%D1%80%D0%BE%D0%B2%D1%81%D0%BA%D0%B8%D0%B9,_%D0%90%D0%BB%D0%B5%D0%BA%D1%81%D0%B5%D0%B9_%D0%AE%D0%BB%D0%B8%D0%B0%D0%BD%D0%BE%D0%B2%D0%B8%D1%87
|
| 958 |
|
|
|a RN
|
| 958 |
|
|
|a BC
|
| 958 |
|
|
|a SS
|
| 958 |
|
|
|a UA
|
| 958 |
|
|
|a LX
|
| 958 |
|
|
|a US
|
| 958 |
|
|
|a HU
|
| 958 |
|
|
|a CS
|
| 999 |
|
|
|c 3364439
|d 3366369
|